000 00743cam a2200241 a 4500
001 000008648
005 20200929161359.0
008 760825s1975 ec 000 e spa d
035 _a(DLC) 76475220
040 _aDO-SdBNP
_cDLC
_dBNPHU
082 _aE864.2
_bM763e
100 1 _aMontalvo, Juan,
_d1832-1889
_916611
245 1 0 _aEnsayos /
_cJuan Montalvo.
260 _aQuito, Ecuador :
_bCasa de la Cultura Ecuatoriana,
_c1975.
300 _a284 p. ;
_c15 cm.
490 1 _aBásica de escritores ecuatorianos
_v3
650 4 _aEnsayos ecuatorianos
_93909
650 4 _aLiteratura ecuatoriana
_93938
830 0 _aBásica de escritores ecuatorianos ;
_v3.
_923084
910 _aCatalogación derivada / LC
910 _aWM
049 _aBNGR
999 _c8418
_d8418